Els Joves metropolitans : enquesta del juny de 1994 a la Regió i sense Barcelona enquesta del juny de 1994 a la Regió i sense Barcelona
Descripción Física:
151, [12] p. : gràfics, taules ; 29 cm
MARC
| LEADER | 00000nam a2200000Ia 4500 | ||
|---|---|---|---|
| 001 | 21867 | ||
| 008 | 160829s9999 xx 000 0 cat d | ||
| 080 | |a M-6-256 | ||
| 245 | |a Els Joves metropolitans : |b enquesta del juny de 1994 a la Regió i sense Barcelona | ||
| 260 | |a Barcelona : |b Diputació de Barcelona. Oficina del Pla Jove, [1995?] | ||
| 300 | |a 151, [12] p. : |b gràfics, taules ; |c 29 cm | ||
| 500 | 9 | 0 | |a Hi ha un duplicat: 869 Caixa 21 (PDL) |
| 650 | |a Joves |x Aspectes socials |x Enquestes |9 46121 | ||
| 650 | |a Enquestes socials |x Barcelona |9 37315 | ||
| 710 | 1 | |a Barcelona (Catalunya : Província). |b Oficina del Pla Jove |9 52707 | |
| 901 | |a Arxiu | ||
| 942 | |n 1 |2 udc | ||
| 952 | |0 0 |1 0 |4 0 |6 M6256 |7 1 |9 53010 |a Arxiu |b Arxiu |d 2016-12-01 |l 0 |o M-6-256 |p 21867 |r 2016-12-01 00:00:00 |w 2016-12-01 |y ARXIU | ||
| 999 | |c 56859 |d 56859 | ||